Online Catalogue and eLibrary

Layaththuch chiraigal (Record no. 3739)

MARC details
000 -LEADER
fixed length control field 00424nam a2200157Ia 4500
005 - DATE AND TIME OF LATEST TRANSACTION
control field 20250313115158.0
008 - FIXED-LENGTH DATA ELEMENTS--GENERAL INFORMATION
fixed length control field 240331s9999 xx 000 0 und d
020 ## - INTERNATIONAL STANDARD BOOK NUMBER
ISBN 9559084011
082 ## - DDC Classification
Item Number - Author Mark GNA
Class No. 894
100 ## - MAIN ENTRY--PERSONAL NAME
Personal name Gnanasekaran, T
245 #0 - TITLE STATEMENT
Title Layaththuch chiraigal
260 ## - PUBLICATION, DISTRIBUTION, ETC.
Place of publication, distribution, etc. Colombo
Name of publisher, distributor, etc. Hill country publishing house
Date of publication, distribution, etc. 1994
300 ## - PHYSICAL DESCRIPTION
Extent (e.g. Volumes, Pages etc.) 200 p.,
500 ## - GENERAL NOTE
General note Novel About Hill Country Peoples Daily issues
942 ## - Koha item type (Biblio)
Koha item type Books in Stacks (Lending)
Holdings
Lost status Damaged status Collection code Home library Current library Shelving location Date acquired Full call number Accession Number Item type
    Lending WERC Library WERC Library Social Science Cupboard 03/31/2024 894.811 GNA 4510 Books in Stacks (Lending)

© WERC Library